000 00307 a2200145 4500
001 181367
020 _a
040 _cMagnum
100 _aAfonseca, Elisia Terezinha Melgaco de
240 1 0 _aRedacao
_lpor
245 1 0 _aRedacao
362 0 _a1899
697 _aMAGNITO: PRODUCAO DE TEXTO
942 _cBK
999 _c181367
_d181367